Movies by release date 10's & 20's - Statistics

General Stats
  • This quiz has been taken 31 times
  • The average score is 11 of 20
Answer Stats
Movie Year % Correct
Barbie 2023
90%
Oppenheimer 2023
86%
Inception 2010
72%
Joker 2019
69%
Top Gun: Maverick 2022
69%
Dune: Part Two 2024
69%
Avengers: Infinity War 2018
66%
Spider-Man: No Way Home 2021
62%
Interstellar 2014
59%
The Revenant 2015
55%
Free Guy 2021
52%
12 Years a Slave 2013
48%
Inside Out 2 2024
48%
Harry Potter and the Deathly Hallows: Part 2 2011
45%
No Time to Die 2021
45%
John Wick: Chapter 4 2023
34%
The King's Speech 2010
31%
Kick-Ass 2010
24%
The Father 2020
21%
The Imitation Game 2014
17%
No matching quizzes found
Score Distribution
Percent of People with Each Score
Percentile by Number Answered
Your Score History
You have not taken this quiz